000
00214 a2200097 4500
001
8966
100
_a
Gardner E S
245
_a
The Case of the stepdoughter's Secret
260
_a
_b
Heinen
_c
090
_c
7156
_d
7156
942
_a
NUST-CAE
_c
M
_c
33774
999
_c
244039
_d
244039